000 00528nam a2200181 i 4500
001 bg
100 1 _aOMURA, George
245 0 _aOpanuj Auto CAD werja 12 /
_cGeorge Omura ; [tł. Robert Ulijasz, Bartłomiej Sławińsi, Marcin Kasperski]. - T. 2.
260 _aWarszawa :
_bWydaw. PLJ,
_c1994.
300 _a468 s. :
_brys. ;
_c21 cm +
_edyskietka.
020 _a8371011342
040 _cBPK
041 _apol
080 _a681.322:744
920 _a83-7101-134-2
942 _cKS
008 s pl f |000 0 pol
999 _c6550
_d6550
856 _uhttp://koha.tu.koszalin.pl/cgi-bin/koha/opac-detail.pl?biblionumber=6550
_yKatalog online BPK